| 000 | 00575nam a2200193 a 4500 | ||
|---|---|---|---|
| 005 | 20210223120809.0 | ||
| 008 | 991125s1980 mx 000 0 spa u | ||
| 035 | _aUPN01000007329 | ||
| 049 | _aCE | ||
| 050 | 4 |
_aGN303 O7 _bN6.2 |
|
| 100 | 1 | _aNorton-Taylor, Duncan | |
| 245 | 1 | 4 |
_aLos celtas / _cpor Duncan Norton-Taylor y el equipo edit. de libros Time-Life. |
| 260 |
_aMéxico : _bOffset Multicolor : _bTime-Life, _c1980. |
||
| 300 |
_a160 p. : _bil. |
||
| 440 | 0 | _aOrígenes del hombre | |
| 650 | 4 |
_aCELTAS _96541 |
|
| 650 | 4 |
_aDRUIDAS Y DRUIDISMO _916056 |
|
| 905 | _aLibro | ||
| 999 |
_c7329 _d7329 |
||